000 00313nam a22001097a 4500
008 160519b xxu||||| |||| 00| 0 eng d
020 _a0443307593X
041 _aeng
080 _a61
245 _aPrinciples and practice of infections diseases:
_cGerald L. Mandell; John E. Bennett; Raphael Dolin;
942 _2udc
_cBK
999 _c2268
_d2268